000 00377 a2200169 4500
001 72910
020 _a8520903681
040 _cAnchieta - Colégio São Paulo
100 _aWilde, Oscar
240 1 0 _aHistórias de fadas
_lpor
245 1 0 _aHistórias de fadas
300 _a175
362 0 _a1992
440 1 _aNova Fronteira
650 4 _aFicção inglesa
942 _cBK
999 _c72910
_d72910